| 000 | 00747nam a2200277 a 4500 | ||
|---|---|---|---|
| 008 | |||
| 020 | _a0393093174 | ||
| 049 | _aMAIN | ||
| 090 |
_aGF75 _bWAG |
||
| 100 | 1 | _aWagner, Richard H. | |
| 245 | 1 | 0 |
_aEnvironment and man / _cRichard H. Wagner. |
| 250 | _a2nd ed. | ||
| 260 |
_aNew York : _bNorton, _cc1974. |
||
| 300 |
_axiii, 528 p. : _bill. ; _c25 cm. |
||
| 504 | _aIncludes bibliographical references. | ||
| 500 | _aIncludes index. | ||
| 650 | 0 | _aHuman ecology. | |
| 650 | 0 | _aPollution. | |
| 650 | 0 | _aPopulation. | |
| 650 | 0 | _aEnvironmental policy. | |
| 907 |
_a.b10078307 _b04-10-12 _c19-06-03 |
||
| 003 | |||
| 005 | 20230123133302.0 | ||
| 040 | _cNUST | ||
| 942 |
_cBOOKS _kGF75 _mWAG |
||
| 999 |
_c145974 _d145974 |
||